000 01673nam a2200493 i 4500
001 4856
003 KOSZ 005
005 20191014081119.0
008 080115s1967 pl a f f |000 0 pol
015 _aPB 1967/5677
035 _a991039291729705066
035 _a(PL-WaBN)b20510561-48omnis_nlop
035 _ab20510561
035 _a(OCoLC)750904928
035 _a(PL)b0000002051056
035 _a(EXLNZ-48OMNIS_NETWORK)9910386048705606
040 _aWA N
_cWA N
_dKOSZ 005/HR
080 _a621.3
080 _a(07)
100 1 _aWołkowiński, Konstanty
_eAutor
245 1 0 _aUziemienia urządzeń elektroenergetycznych /
_cKonstanty Wołkowiński.
250 _aWyd. 3 rozsz. i całkowicie zmien.
260 _aWarszawa :
_bWydawnictwa Naukowo-Techniczne,
_c1967.
300 _a472 s. :
_bil. ;
_c23 cm.
336 _2rdacontent
_aTekst
_btxt
337 _2rdamedia
_aBez urządzenia pośredniczącego
_bn
338 _2rdacarrier
_aWolumin
_bnc
380 _aKsiążki
380 _aPublikacje fachowe
388 _a1901-2000
388 _a1945-1989
500 _aPoprz. wyd. pt. Uziemienia w urządzeniach elektroenergetycznych.
504 _aBibliogr.
521 8 _aDla inżynierów, techników i studentów.
650 7 _aUziemienie
_2DBN
658 _aInżynieria i technika
650 7 _aElektroenergetyka
_2DBN
650 7 _aUrządzenia
650 7 _aZabezpieczenia elektryczne
710 2 _aWydawnictwa Naukowo-Techniczne
_4pbl
856 _uhttp://koha.tu.koszalin.pl/cgi-bin/koha/opac-detail.pl?biblionumber=4856
_yKatalog online BPK
942 _2UKD
_cKS
999 _c4856
_d4856